C# precisely / (Record no. 74084)

MARC details
000 -LEADER
fixed length control field 00800nam a22002537a 4500
005 - DATE AND TIME OF LATEST TRANSACTION
control field 20130402150352.0
008 - FIXED-LENGTH DATA ELEMENTS--GENERAL INFORMATION
fixed length control field 130402b xxu||||| |||| 00| 0 eng d
010 ## - LCCN (DPL NO)
LC control number ENG-106774
020 ## - INTERNATIONAL STANDARD BOOK NUMBER
International Standard Book Number 9788120345973
Terms of availability 250.00
035 ## - SYSTEM CONTROL NUMBER
System control number EN-90307
037 ## - SOURCE OF ACQUISITION
Source of stock number/acquisition DBAD/PUB
040 ## - CATALOGING SOURCE
Original cataloging agency DPL
Language of cataloging Eng
082 ## - DEWEY DECIMAL CLASSIFICATION NUMBER
Classification number 005.133
100 ## - MAIN ENTRY--PERSONAL NAME
Personal name Sestoft, Peter
245 ## - TITLE STATEMENT
Title C# precisely /
Statement of responsibility, etc by Peter Sestoft [and] Henrik I. Hansen
250 ## - EDITION STATEMENT
Edition statement 2nd ed
260 ## - PUBLICATION, DISTRIBUTION, ETC. (IMPRINT)
Place of publication, distribution, etc Delhi
Name of publisher, distributor, etc PHI Learning
Date of publication, distribution, etc 2013
270 ## - ADDRESS
Address Rimjhim House, 111, Patparganj Industrial Estate
City Delhi
Postal code 110092
300 ## - PHYSICAL DESCRIPTION
Extent xii,246p. :
Other physical details ill.
Dimensions 24cm(pbk)
500 ## - GENERAL NOTE
General note Includes bibliographical references and index.
650 ## - SUBJECT ADDED ENTRY--TOPICAL TERM
Topical term or geographic name as entry element C# (Computer program language)
700 ## - ADDED ENTRY--PERSONAL NAME
Personal name Hansen, Henrik I.
942 ## - ADDED ENTRY ELEMENTS (KOHA)
Source of classification or shelving scheme Dewey Decimal Classification
Item type English Books
Classification part 005.133
Call number suffix SES
Holdings
Withdrawn status Lost status Source of classification or shelving scheme Damaged status Not for loan Collection code Home library Current library Date acquired Source of acquisition Cost, normal purchase price Total Checkouts Full call number Barcode Date last seen Copy number Cost, replacement price Koha item type
    Dewey Decimal Classification   Not For Loan Non-fiction D.B.Act.Division D.B.Act.Division 02/04/2013 DBAD/PUB 250.00   005.133 SES EN-90307 02/04/2013 1 250.00 English Books

© Delhi Public Library
Hit Counter
free hit counter